| LEADER |
00657nam0a2200193 450 |
| 001 |
16834138 |
| 010 |
|
|
|a 978-2-07-510615-3
|b rel.
|d 13,9
|
| 100 |
|
|
|a 20190702d2019 u u0frey01 ba
|
| 101 |
0 |
|
|a fre
|
| 102 |
|
|
|a FR
|
| 200 |
0 |
|
|a Sur les mains
|f Nathalie Azoulai, Jeanne Le Ruz
|
| 207 |
|
1 |
|a
|
| 210 |
|
|
|a Paris
|b 5 rue Sébastien Bottin.
|c Gallimard
|d 2019
|
| 215 |
|
|
|a 1 vol. (non paginé [23] p.)
|c ill. en coul.
|d 23 x 29 cm
|
| 700 |
|
0 |
|a Azoulai
|b Nathalie
|c Auteur du texte
|4 70
|
| 701 |
|
0 |
|a Le Ruz
|b Jeanne
|4 70
|
| 900 |
|
|
|a Album
|
| 901 |
|
|
|a Accessible au prêt
|
| 995 |
|
|
|a Bibliothèque
|c Bibliothèque
|f 024020361
|h 024020361
|k A AZO
|o p
|q j
|r az
|e Bibliothèque
|